Top 120 Länder nach Einwohner - Statistiken

Allgemein
  • Dieses Quiz wurde 6 mal gespielt
  • Das Durchschnittsergebnis liegt bei 99 aus 120
Antwortstatistiken
Anzahl Einwohner (2022) Länder % Korrekt
41'100'000 Afghanistan
100%
103'500'000 Ägypten
100%
46'200'000 Argentinien
100%
25'800'000 Australien
100%
171'200'000 Bangladesch
100%
12'200'000 Bolivien
100%
214'800'000 Brasilien
100%
1'436'600'000 China
100%
99'000'000 Demokratische Republik Kongo
100%
83'300'000 Deutschland
100%
28'200'000 Elfenbeinküste
100%
65'800'000 Frankreich
100%
67'600'000 Grossbritannien
100%
13'900'000 Guinea
100%
1'417'200'000 Indien
100%
275'500'000 Indonesien
100%
88'600'000 Iran
100%
9'500'000 Israel
100%
58'900'000 Italien
100%
124'900'000 Japan
100%
16'800'000 Kambodscha
100%
19'200'000 Kasachstan
100%
49'100'000 Kolumbien
100%
7'500'000 Laos
100%
32'700'000 Malaysia
100%
127'500'000 Mexiko
100%
30'900'000 Nepal
100%
26'200'000 Niger
100%
218'500'000 Nigeria
100%
26'100'000 Nordkorea
100%
235'800'000 Pakistan
100%
9'300'000 Papua-Neuguinea
100%
33'400'000 Peru
100%
115'600'000 Philippinen
100%
10'300'000 Portugal
100%
6'000'000 Republik Kongo
100%
144'300'000 Russland
100%
36'700'000 Saudi-Arabien
100%
8'800'000 Schweiz
100%
17'600'000 Somalia
100%
47'400'000 Spanien
100%
60'600'000 Südafrika
100%
46'900'000 Sudan
100%
51'600'000 Südkorea
100%
10'900'000 Südsudan
100%
23'200'000 Taiwan
100%
66'800'000 Thailand
100%
41'000'000 Ukraine
100%
35'600'000 Usbekistan
100%
9'400'000 Vereinigte Arabische Emirate
100%
332'800'000 Vereinigte Staaten
100%
99'400'000 Vietnam
100%
44'900'000 Algerien
83%
35'600'000 Angola
83%
123'400'000 Äthiopien
83%
9'200'000 Belarus
83%
6'800'000 Bulgarien
83%
22'700'000 Burkina Faso
83%
1'980'000 Chile
83%
5'873'420 Dänemark
83%
5'600'000 Finnland
83%
10'600'000 Griechenland
83%
44'500'000 Irak
83%
33'700'000 Jemen
83%
11'200'000 Jordanien
83%
38'800'000 Kanada
83%
54'000'000 Kenia
83%
6'800'000 Kirgistan
83%
22'600'000 Mali
83%
36'700'000 Marokko
83%
33'000'000 Mosambik
83%
54'200'000 Myanmar
83%
5'400'000 Norwegen
83%
38'000'000 Polen
83%
19'000'000 Rumänien
83%
10'500'000 Schweden
83%
17'900'000 Senegal
83%
6800'000 Serbien
83%
22'100'000 Syrien
83%
10'000'000 Tadschikistan
83%
11'800'000 Tunesien
83%
85'200'000 Türkei
83%
28'300'000 Venezuela
83%
11'600'000 Belgien
67%
13'400'000 Benin
67%
18'000'000 Ecuador
67%
33'500'000 Ghana
67%
27'900'000 Kamerun
67%
11'100'000 Kuba
67%
6'800'000 Libyen
67%
29'600'000 Madagaskar
67%
17'700'000 Niederlande
67%
9'000'000 Österreich
67%
6'800'000 Paraguay
67%
13'800'000 Ruanda
67%
20'000'000 Sambia
67%
8'700'000 Sierra Leone
67%
16'300'000 Simbabwe
67%
5'500'000 Singapur
67%
5'400'000 Slowakei
67%
22'400'000 Sri Lanka
67%
65'500'000 Tansania
67%
17'700'000 Tschad
67%
10'500'000 Tschechien
67%
6'400'000 Turkmenistan
67%
47'200'000 Uganda
67%
9'700'000 Ungarn
67%
10'200'000 Aserbaidschan
50%
12'900'000 Burundi
50%
11'200'000 Dominikanische Republik
50%
6'300'000 El Salvador
50%
17'800'000 Guatemala
50%
11'600'000 Haiti
50%
5'500'000 Libanon
50%
20'400000 Malawi
50%
6'700'000 Nicaragua
50%
9'600'000 Honduras
33%
5'300'000 Liberia
33%
8'800'000 Togo
33%
5'600'000 Zentral­afrikanische Republik
0%
Keine übereinstimmenden Quizze gefunden
Verteilung der Resultate
Anzahl Personen mit jedem Resultat
Perzentil nach korrekt beantworteten Fragen
Ihre Resultats-Entwicklung
Sie haben dieses Quiz noch nicht gespielt